|
|
|
|
| LEADER |
00000nam0a2200000 4500 |
| 001 |
319262 |
| 005 |
20231102003149.0 |
| 035 |
|
|
|a (RuTPU)RU\TPU\book\344770
|
| 090 |
|
|
|a 319262
|
| 100 |
|
|
|a 20160525d1951 km y0rusy50 ca
|
| 101 |
0 |
|
|a rus
|
| 102 |
|
|
|a RU
|
| 105 |
|
|
|a a z 000zb
|
| 200 |
1 |
|
|a Плавание А. И. Чирикова на пакетботе "Св. Павел" к побережьям Америки
|e с приложением судового журнала 1741 г.
|f Д. М. Лебедев
|g Академия наук СССР, Институт географии
|
| 210 |
|
|
|a Москва
|c Изд-во Академии наук СССР
|d 1951
|
| 215 |
|
|
|a 430 с.
|c ил.
|
| 600 |
|
1 |
|a Чириков
|g Алексей Ильич
|c российский мореплаватель
|c капитан-командор
|b А. И.
|f 1703-1748
|2 stltpush
|3 (RuTPU)RU\TPU\pers\822
|
| 606 |
1 |
|
|a Географические открытия и исследования
|x История
|2 stltpush
|3 (RuTPU)RU\TPU\subj\5915
|9 33899
|
| 610 |
1 |
|
|a Камчатка
|
| 610 |
1 |
|
|a Америка
|
| 610 |
1 |
|
|a географические экспедиции
|
| 610 |
1 |
|
|a история
|
| 610 |
1 |
|
|a Россия
|
| 610 |
1 |
|
|a 16 век
|
| 610 |
1 |
|
|a морские путешествия
|
| 675 |
|
|
|a 910.4
|v 4
|
| 700 |
|
1 |
|a Лебедев
|b Д. М.
|
| 712 |
0 |
2 |
|a Академия наук СССР
|b Институт географии
|c (Москва)
|c (1936-1991)
|2 stltpush
|3 (RuTPU)RU\TPU\col\11388
|9 25083
|
| 801 |
|
1 |
|a RU
|b 63413507
|c 20160525
|
| 801 |
|
2 |
|a RU
|b 63413507
|c 20200325
|g RCR
|
| 942 |
|
|
|c BK
|